Avances en psicología del testimonio
Salvato in:
| Autori principali: | , |
|---|---|
| Natura: | Libro |
| Lingua: | spagnolo |
| Pubblicazione: |
Santiago
Ediciones Jurídicas de Santiago
2013
|
| Edizione: | 1a. ed |
| Soggetti: | |
| Tags: |
Aggiungi Tag
Nessun Tag, puoi essere il primo ad aggiungerne!!
|
MARC
| LEADER | 00000cam a2200000 a 4500 | ||
|---|---|---|---|
| 001 | UCF8304 | ||
| 003 | CL-VaPUC | ||
| 008 | 130829e20130600cl |||||||||||||||||spa|d | ||
| 020 | |a 9789568285722 | ||
| 082 | 0 | 4 | |a 345.06 |b MAN |2 21 |
| 100 | |a Manzanero, Antonio L. |e autor |9 570395 | ||
| 700 | |a González Álvarez, José Luis |e author |9 570396 | ||
| 245 | 1 | 0 | |a Avances en psicología del testimonio |
| 250 | |a 1a. ed | ||
| 300 | |a 285 p | ||
| 942 | |c BK | ||
| 945 | |d 20130829 16:44:00 |a dcastane | ||
| 260 | |a Santiago |b Ediciones Jurídicas de Santiago |c 2013 | ||
| 650 | 0 | |a Pruebas |9 256249 | |
| 650 | 7 | |a DERECHO PENAL |2 CL-VaPUC |9 11 | |
| 650 | 7 | |a DECLARACION |2 CL-VaPUC |9 570397 | |
| 583 | |a last modification |c 20130829 16:44:00 |k Rodrigo Vera | ||
| 999 | |c 352907 |d 352905 | ||
| 952 | |0 0 |1 0 |3 erd |4 0 |6 345_060000000000000_MAN_2013 |7 0 |8 A |9 457697 |a BIBDER |b BIBDER |d 2019-11-23 |i 4994957 |l 3 |o 345.06 MAN 2013 |p 4994957 |r 2022-07-20 |s 2022-07-20 |w 2019-11-23 |y BK |z Catalogado en:20130829 |k DER | ||